| 000 | 00437nam a2200193Ia 4500 | ||
|---|---|---|---|
| 005 | 20250425161001.0 | ||
| 008 | 250425s9999 xx 000 0 und d | ||
| 041 | _aspa | ||
| 082 | _a550 | ||
| 100 | _aS, A A | ||
| 245 | 0 | _aDIRECTORIO LATINOAMERICANO DE CIENCIAS GEOLOGICAS | |
| 250 | _a1A ED. | ||
| 260 | _aMONTEVIDEO | ||
| 260 |
_aUruguay _bUNES _c1968 |
||
| 300 | _a404 | ||
| 710 | _aUNESCO | ||
| 942 | _c01 | ||
| 010 | _a9809 | ||
| 999 |
_c200130 _d200130 |
||